Chinese History 101 Quiz #4 - Statistics

General Stats
  • This quiz has been taken 52 times
  • The average score is 7 of 10
Answer Stats
Question Answer % Correct
Who was the only legitimate female monarch (or empress regnant) in Chinese history? Empress Wu Zetian
100%
Which conflict during the Tang dynasty is sometimes considered one of the deadliest in human history? An Lushan Rebellion
88%
Who did Li Shimin kill during the palace coup of Xuanwu Gate Incident? His Brothers
75%
Who established the Tang dynasty with the help of his son and daughter? Li Yuan
75%
What mega infrastructure project was built in the Sui dynasty using millions of forced labour? The Grand Canal
75%
Who was the beloved concubine of Emperor Xuanzong? Yang Guifei
75%
What was ceded by the Later Jin to the Khitan during the Five Dynasties and Ten Kingdom period? 16 Prefectures
63%
In which era of Emperor Xuanzong when the Tang dynasty reached its peak prosperity? Kaiyuan
38%
Who took the title "Khan of Heaven" after defeating the Eastern Turks and dominated power in Central Asia? Li Shimin
38%
What technology was passed onto the Middle East after the Battle of Talas? Papermaking
25%
No matching quizzes found
Score Distribution
Percent of People with Each Score
Percentile by Number Answered
Your Score History
You have not taken this quiz